000
00257nam a2200109Ia 4500
008
190216s9999||||xx |||||||||||||| ||und||
100
_a
Sreedharan G
245
0
_a
Thirenjedutha Thamizh Kathakal
260
_b
Nbs Kottayam
650
_a
Kathakal
942
_c
BK
999
_c
24557
_d
24557